01322nab a22002417a 4500999001500000003000400015005001700019008004100036040000700077100003200084245009900116260007300215300001500288500003700303505039100340505008200731650002300813650002900836650003000865650001700895773015500912942001301067 c5582d5582OSt20251219102617.0190429b xxu||||| |||| 00| 0 spa d cPJ 96557aCarram, Moisés Naim13aLos delitos informáticos, el convenio de Budapest y el ciber fraude /cMoisés Naim Carram. cCiudad Autónoma de Buenos Aires :aThomson Reuters La Ley, b2025. ap. 103-115 aCita: TR LALEY AR/DOC/1063/2025. aSumario: I. Introducción.— II. Los delitos informáticos. Definiciones. Clasificación. Características especiales.— III. La regulación de los delitos informáticos en Argentina.— IV. Convenio sobre la ciberdelincuencia. El convenio de Budapest.— V. El Ciber fraude. Aspectos principales.— VI. Ausencia de regulación de la suplantación de identidad en Argentina.  tSi te interesa el texto completo, solicitalo a koha@justierradelfuego.gov.ar  09343aDERECHO PENAL 09273aDERECHO INFORMATICO 09278aDELITOS INFORMATICOS 091042aFRAUDE0 0265893164tRevista de derecho penal y criminología. Nº 5 - Junio 2025dCiudad Autónoma de Buenos Aires : Thomson Reuters La Ley, 2017-x00347914 2udccANA